000 01017cas a22002535a 4500
001 L142840
008 080313c2008 xxkar ws ss 0 a0eng d
035 _a(Sirsi) u142840
041 0 _aeng
050 _a333.33 $2 18
110 2 _aColliers International Property Consultants
_91881
245 0 0 _aGlobal industrial real estate highlights
_h[electronic resource]
260 _a[S.l.]
_bColliers
_c2008
362 0 _a2008-
490 0 _aColliers Global Industrial Real Estate Highlights
510 2 _aKnowledge Alert
_c2006-
520 _aProvides a brief overview of the industrial real estate market worldwide. Tables detail prime warehouse rents, prime land values and prime yields/capitalisation rates.
554 _aOne per year
650 2 4 _aCOLLIERS GLOBAL INDUSTRIAL REAL ESTATE HIGHLIGHTS
651 4 _aInternational
690 _aPROPERTY-COMMERCIAL PROPERTY-COMMERCIAL PROPERTY MARKET
856 4 0 _uhttps://www.colliers.com/
_zView this report free of charge at www. cbre.com...
942 _n0
999 _c119175
_d119175